El mundo de Sofia (Registro nro. 3767)

Detalles MARC
000 -CABECERA
Longitud fija campo de control 00861cam a2200265 c 4500
003 - • IDENTIFICADOR DELl NÚMERO DE CONTROL
Identificador del número de control CO-ViMGA
005 - • FECHA Y HORA DE LA ÚLTIMA TRANSACCIÓN
Fecha y hora de la última transacción 20230915224411.0
008 - • CÓDIGOS DE INFORMACIÓN DE LONGITUD FIJA
Códigos de información de longitud fija 110614s2010 sp | |||| 001 0 spa
020 ## - • NÚMERO INTERNACIONAL NORMALIZADO PARA LIBROS
Número Internacional Normalizado para Libros (ISBN) 9788498414516
040 ## - FUENTE DE LA CATALOGACIÓN
Centro catalogador de origen CO-ViMGA
Lengua de catalogación spa
Centro transcriptor CO-ViMGA
041 1# - • CÓDIGO DE LENGUA
Código de lengua original nor
082 ## - • NÚMERO DE LA CLASIFICACIÓN DECIMAL DEWEY
Número de clasificación (R) 839.8236
Número del ítem G117m
100 1# - • PUNTO DE ACCESO PRINCIPAL-NOMBRE DE PERSONA
Nombre de persona Gaarder, Jostein
Fechas asociadas al nombre 1952-
240 10 - • TÍTULO UNIFORME
Título uniforme <a href="Sofies verden">Sofies verden</a>
245 13 - • TITULO PROPIAMENTE DICHO
Título El mundo de Sofia
Medio [Texto impreso] :
Resto del título novela sobre la historia de la filosofia
Mención de responsabilidad, etc. Jostein Gaarder ; traduccion del noruego de Kirsti Baggethun y Asuncion Lorenzo
250 ## - • MENCI&Oacute;N DE EDICI&Oacute;N
Mención de edición 11a. ed. (85a. ed. en Es)
300 ## - • DESCRIPCI&Oacute;N F&Iacute;SICA
Extensión X, 638 p.
Dimensiones 19 cm
490 0# - • MENCI&Oacute;N DE SERIE
Mención de serie Biblioteca Gaarder
Designación de volumen o secuencia 1
490 0# - • MENCI&Oacute;N DE SERIE
Mención de serie Las tres edades
500 ## - • NOTA GENERAL
Nota general ìndice
650 #7 - • PUNTO DE ACCESO ADICIONAL DE MATERIA - T&Eacute;RMINO DE MATERIA
Término de materia o nombre geográfico como elemento inicial Filosofia
Subdivisión de forma Historia
-- Libros infantiles
Fuente del encabezamiento o término embne
942 ## - ENTRADA DE ELEMENTOS AGREGADOS (KOHA)
Fuente de clasificaión o esquema Dewey Decimal Classification
Koha [por defecto] tipo de item LIbro
Existencias
Perdido Fuente de clasificaci&oacute;n o esquema Estado Físico No para pr&eacute;stamo Forma de adquisición Localizaci&oacute;n permanente Localizaci&oacute;n actual Fecha adquisici&oacute;n Pr&eacute;stamos totales Renovaciones totales Signatura completa C&oacute;digo de barras Fecha &uacute;ltima consulta Fecha &uacute;ltimo pr&eacute;stamo N&uacute;mero de copia Fecha del precio de reemplazo Tipo de item de Koha Localización en estanterías N&uacute;mero de registro
  Dewey Decimal Classification     Colección General Biblioteca Pública Cumaral - Alvaro Garzon Torres Biblioteca Pública Cumaral - Alvaro Garzon Torres 08/01/2024     NGAA CUM1430 08/01/2024   Ej.1 08/01/2024 LIbro Literatura  
  Dewey Decimal Classification     Colección General Biblioteca Pública Cumaral - Alvaro Garzon Torres Biblioteca Pública Cumaral - Alvaro Garzon Torres 08/01/2024     NGAA CUM1432 08/01/2024   Ej.1 08/01/2024 LIbro Literatura  
  Dewey Decimal Classification     Sala General Biblioteca Comunitaria - Villavicencio Biblioteca Comunitaria - Villavicencio 01/31/2017 2 5 839.8236 G117m 31436 09/27/2018 08/06/2018 Ej. 1 01/31/2017 LIbro    
  Dewey Decimal Classification     Sala General Biblioteca Comunitaria - Villavicencio Biblioteca Comunitaria - Villavicencio 01/31/2017     839.8236 G117m 5594 08/10/2017   Ej. 1 08/10/2017 LIbro    
  Dewey Decimal Classification     Colección General Biblioteca Pública Mapiripan - Jorge Eliecer Gaitán Biblioteca Pública Mapiripan - Jorge Eliecer Gaitán 01/17/2025     839.8236 G117m MPJG0023 01/17/2025   Ej.1 01/17/2025 LIbro Literatura  
  Dewey Decimal Classification     Colección General Biblioteca Pública Medellin del Ariari - El Castillo Biblioteca Pública Medellin del Ariari - El Castillo 11/06/2024     GAN3 Ej.1 BM0000036 11/06/2024   Ej.1 11/06/2024 LIbro Literatura  
  Clasificación Local Facetada     Literatura General Biblioteca Pública San Juanito - Ernesto Maria Peña Romero Biblioteca Pública San Juanito - Ernesto Maria Peña Romero 12/09/2025     N GAA1 SJU02285 12/09/2025   Ej.1 12/09/2025 Libro Literatura Literatura  
  Dewey Decimal Classification       Biblioteca Pública Vistahermosa Biblioteca Pública Vistahermosa 11/19/2024       VISTA 0001463 11/19/2024   Ej.1 11/19/2024 LIbro   NJOSTEN G









Instituto Departamental de Cultura del Meta - Red Departamental de Bibliotecas Públicas del Meta.